| 000 | 00670nam a22002177a 4500 | ||
|---|---|---|---|
| 003 | OSt | ||
| 005 | 20240617122757.0 | ||
| 008 | 240617b |||||||| |||| 00| 0 eng d | ||
| 020 | _a0131246461 | ||
| 040 | _cmust | ||
| 082 |
_27th ed. _a519.5 MIL 2004 |
||
| 100 |
_aMiller,Irwin. _qIrwin Miller _917353 |
||
| 245 |
_aJohnE. Freund's : _bMathematical statistics with application/ _cIrwin Miller, Maryless Miller |
||
| 250 | _a7th ed. | ||
| 260 |
_aPeason Education,inc: _bpeason prentice hall; _c2004. |
||
| 300 |
_ax,614p.: _bill; _c23cm. |
||
| 504 | _aIncludes Index | ||
| 600 | _2mathematics | ||
| 700 |
_aMiller,Marylees _qIrwin Miller. _917354 |
||
| 942 |
_2ddc _cO_SHELF |
||
| 999 |
_c8550 _d8550 |
||